[Event "Warwick County-ch"]
[Site "Warwick"]
[Date "2015.07.04"]
[Round "1.3"]
[White "Hanreck, Alan E"]
[Black "Palliser, Richard"]
[Result "1/2-1/2"]
[WhiteElo "2268"]
[BlackElo "2426"]
[PlyCount "52"]
[EventDate "2015.07.04"]
[EventType "team-match"]
[EventRounds "1"]
[EventCountry "ENG"]
[SourceTitle "CBM 167 Extra"]
[Source "ChessBase"]
[SourceDate "2015.09.14"]
[SourceVersion "1"]
[SourceVersionDate "2015.09.14"]
[SourceQuality "1"]
[WhiteTeam "Kent"]
[BlackTeam "Yorkshire"]
[WhiteTeamCountry "ENG"]
[BlackTeamCountry "ENG"]

1. c4 e5 2. g3 Nf6 3. Bg2 c6 4. d4 Bb4+ 5. Bd2 Bxd2+ 6. Qxd2 d6 7. Nc3 0-0 8. e4 Nbd7 9. Nge2 a6 10. 0-0 b5 11. cxb5 axb5 12. a3 Qb6 13. b4 Re8 14. d5 cxd5 15. Nxd5 Nxd5 16. Qxd5 Bb7 17. Qd3 Rac8 18. Bh3 Red8 19. Rad1 d5 20. exd5 Rc4 21. Nc3 Nf6 22. Bg2 Rdc8 23. Ne4 Nxe4 24. Bxe4 g6 25. Bg2 f5 26. Qd2 e4 1/2-1/2

[Event "Brentwood op 2nd"]
[Site "Brentwood"]
[Date "2008.02.16"]
[Round "1"]
[White "Hanreck, Alan E"]
[Black "Thilaganathan, Jessica"]
[Result "1-0"]
[WhiteElo "2268"]
[BlackElo "1935"]
[PlyCount "72"]
[EventDate "2008.02.16"]
[EventType "swiss"]
[EventRounds "5"]
[EventCountry "ENG"]
[SourceTitle "CBM 122 Extra"]
[Source "ChessBase"]
[SourceDate "2008.03.04"]
[SourceVersion "1"]
[SourceVersionDate "2008.03.04"]
[SourceQuality "1"]

1. c4 e6 2. Nf3 Nf6 3. g3 d5 4. Bg2 Be7 5. 0-0 0-0 6. b3 c5 7. Bb2 Nc6 8. e3 b6 9. Nc3 Ba6 10. Nb5 Rc8 11. Qe2 Bb7 12. d3 a6 13. Na3 Qc7 14. Rac1 Rfd8 15. cxd5 exd5 16. Bh3 Ra8 17. d4 Bc8 18. Bg2 Bg4 19. dxc5 bxc5 20. h3 Bxf3 21. Bxf3 Ne5 22. Bg2 Ned7 23. Rfd1 Nb6 24. Nc2 Qb7 25. Ne1 Ne8 26. Nd3 Rac8 27. Nf4 Rd7 28. h4 Rcd8 29. Qg4 Bf8 30. h5 h6 31. Bc3 Nc7 32. Ba5 Qc6 33. Qf5 Nb5 34. Bxb6 Qxb6 35. Rxd5 Rxd5 36. Nxd5 Qe6 1-0

[Event "Brentwood op 2nd"]
[Site "Brentwood"]
[Date "2008.02.16"]
[Round "2"]
[White "Parsonage, Ian"]
[Black "Hanreck, Alan E"]
[Result "0-1"]
[WhiteElo "2250"]
[BlackElo "2268"]
[PlyCount "80"]
[EventDate "2008.02.16"]
[EventType "swiss"]
[EventRounds "5"]
[EventCountry "ENG"]
[SourceTitle "CBM 122 Extra"]
[Source "ChessBase"]
[SourceDate "2008.03.04"]
[SourceVersion "1"]
[SourceVersionDate "2008.03.04"]
[SourceQuality "1"]

1. e4 c5 2. Nf3 e6 3. c3 Nf6 4. e5 Nd5 5. d4 cxd4 6. cxd4 b6 7. Nc3 Nxc3 8. bxc3 Qc7 9. Bd2 Bb7 10. Bd3 d6 11. 0-0 Nd7 12. Re1 Be7 13. Qe2 dxe5 14. Nxe5 Nxe5 15. Qxe5 Qxe5 16. Rxe5 0-0 17. Be4 Bxe4 18. Rxe4 Rfd8 19. Kf1 Rac8 20. Ke2 Rd5 21. Kd3 b5 22. a4 a6 23. axb5 axb5 24. Ree1 Rcd8 25. Be3 e5 26. Kc2 Bf6 27. dxe5 Bxe5 28. Rab1 h5 29. f4 Bf6 30. Re2 Kh7 31. h3 h4 32. Rd2 Kg6 33. Rxd5 Rxd5 34. Rb4 Kf5 35. Bd2 Be7 36. Rb1 Bd6 37. Rf1 Bc7 38. Rf3 Bd6 39. g4+ hxg3 40. Rxg3 Rxd2+ 0-1

[Event "BCF-chT2 9798 (4NCL)"]
[Site "England"]
[Date "1998.03.21"]
[Round "7.3"]
[White "Manley, Jon P"]
[Black "Hanreck, Alan E"]
[Result "0-1"]
[WhiteElo "2200"]
[BlackElo "2255"]
[PlyCount "86"]
[EventDate "1997.11.??"]
[EventType "team"]
[EventRounds "11"]
[EventCountry "ENG"]
[SourceTitle "EXT 1999"]
[Source "ChessBase"]
[SourceDate "1998.11.16"]
[SourceVersion "1"]
[SourceVersionDate "1998.11.16"]
[SourceQuality "1"]
[WhiteTeam "Barbican II"]
[BlackTeam "Invicta Knights Maidstone II"]
[WhiteTeamCountry "ENG"]
[BlackTeamCountry "ENG"]

1. e4 c5 2. Nc3 Nc6 3. f4 g6 4. Nf3 Bg7 5. Bb5 Nd4 6. 0-0 e6 7. Nxd4 cxd4 8. Ne2 Ne7 9. d3 0-0 10. Ba4 d6 11. Bb3 Kh8 12. c3 dxc3 13. bxc3 Bd7 14. Be3 Qa5 15. Qe1 Bb5 16. Rd1 Qa6 17. c4 Bd7 18. Qh4 f6 19. Rf3 e5 20. f5 g5 21. Qg4 Be8 22. Rh3 Qc6 23. Nc3 a6 24. a4 Bf7 25. Rf1 Bg8 26. Qe2 Qc7 27. Qh5 h6 28. Bxg5 Bf7 29. Qg4 fxg5 30. Qxg5 Ng8 31. f6 Qb6+ 32. Kh1 Bg6 33. Qxg6 Rxf6 34. Rxf6 Nxf6 35. Bd1 Qb4 36. d4 exd4 37. e5 dxe5 38. Rg3 Rg8 39. Bc2 dxc3 40. Rf3 Qb2 41. h4 e4 42. Rf2 Qc1+ 43. Kh2 Ng4+ 0-1

[Event "BCF-chT2 9798 (4NCL)"]
[Site "England"]
[Date "1998.01.24"]
[Round "5.2"]
[White "Walsh, Chris"]
[Black "Hanreck, Alan E"]
[Result "0-1"]
[WhiteElo "2190"]
[BlackElo "2255"]
[PlyCount "94"]
[EventDate "1997.11.??"]
[EventType "team"]
[EventRounds "11"]
[EventCountry "ENG"]
[SourceTitle "EXT 1999"]
[Source "ChessBase"]
[SourceDate "1998.11.16"]
[SourceVersion "1"]
[SourceVersionDate "1998.11.16"]
[SourceQuality "1"]
[WhiteTeam "Nidum Knights"]
[BlackTeam "Invicta Knights Maidstone II"]
[WhiteTeamCountry "ENG"]
[BlackTeamCountry "ENG"]

1. e4 c5 2. Nf3 d6 3. d4 cxd4 4. Nxd4 Nf6 5. Nc3 a6 6. Be2 e5 7. Nb3 Be7 8. 0-0 0-0 9. Be3 Be6 10. Qd2 Nbd7 11. a4 Rc8 12. Bf3 Re8 13. Rfd1 Bf8 14. a5 Qc7 15. Nc1 b5 16. axb6 Nxb6 17. Be2 Nc4 18. Bxc4 Bxc4 19. Nb3 h6 20. Na5 Be6 21. Qd3 Rb8 22. Nd5 Bxd5 23. exd5 Rb5 24. Nc6 Rxd5 25. Qxa6 Rxd1+ 26. Rxd1 d5 27. b4 d4 28. Bd2 Re6 29. b5 e4 30. Qa4 Ng4 31. g3 Rf6 32. Be1 e3 33. f4 Bc5 34. Qc4 Qb6 35. Qe2 h5 36. h3 Nh6 37. c3 dxc3 38. Bxc3 Rg6 39. Be1 Nf5 40. g4 hxg4 41. hxg4 Rxg4+ 42. Qxg4 e2+ 43. Kh2 exd1Q 44. Qxd1 Qxb5 45. Qf3 Qb2+ 46. Qg2 Qf6 47. Qf3 Be3 0-1

[Event "BCF-chT 9798 (4NCL)"]
[Site "England"]
[Date "1997.10.25"]
[Round "1.5"]
[White "Harari, Zaki"]
[Black "Hanreck, Alan E"]
[Result "0-1"]
[WhiteElo "2250"]
[BlackElo "2255"]
[PlyCount "136"]
[EventDate "1997.11.??"]
[EventType "team"]
[EventRounds "11"]
[EventCountry "ENG"]
[SourceTitle "CBM 064 Extra"]
[Source "ChessBase"]
[SourceDate "1998.07.07"]
[SourceVersion "1"]
[SourceVersionDate "1998.07.07"]
[SourceQuality "1"]
[WhiteTeam "BCM"]
[BlackTeam "Invicta Knights Maidstone"]
[WhiteTeamCountry "ENG"]
[BlackTeamCountry "ENG"]

1. e4 c5 2. Nf3 d6 3. d4 cxd4 4. Qxd4 a6 5. Bg5 h6 6. Bh4 Nc6 7. Qe3 g5 8. Bg3 Bg7 9. c3 Nf6 10. h3 Be6 11. Nbd2 d5 12. Bd3 Nh5 13. exd5 Bxd5 14. 0-0 Nxg3 15. fxg3 Qc7 16. g4 0-0-0 17. a4 h5 18. gxh5 Rxh5 19. Be4 g4 20. hxg4 Rhh8 21. Bxd5 Rxd5 22. Nc4 Kb8 23. Rad1 e6 24. Rxd5 exd5 25. Ncd2 Qg3 26. g5 d4 27. Qe2 dxc3 28. bxc3 Qg4 29. Qe4 Qd7 30. Qf4+ Ka8 31. Ne4 Qd5 32. Nf6 Qa5 33. Rf2 Qxc3 34. Qd2 Bxf6 35. gxf6 Qxf6 36. Ng5 Qa1+ 37. Rf1 Qxa4 38. Nxf7 Rg8 39. Nh6 Rd8 40. Qg5 Qd4+ 41. Kh1 a5 42. Rf4 Qd2 43. Qf6 Ka7 44. Nf7 Rd5 45. Kh2 Rh5+ 46. Kg3 Qe1+ 47. Kg4 Qe2+ 48. Kg3 Rd5 49. Ng5 Rd2 50. Rf2 Qe1 51. Qf4 Re2 52. Nh3 Kb6 53. Qf7 a4 54. Kh2 Rxf2 55. Nxf2 Qe5+ 56. g3 Qb2 57. Kh3 a3 58. Nd3 Qh8+ 59. Kg2 Qc3 60. Qf2+ Kb5 61. Qf5+ Kc4 62. Nf4 Qd2+ 63. Kh3 a2 64. Qe4+ Kb3 65. Qe6+ Kb2 66. Qf6+ Qd4 67. Nd3+ Kc3 68. Qf1 Qxd3 0-1

[Event "BCF-chT 9697 (4NCL)"]
[Site "England"]
[Date "1997.02.23"]
[Round "8.4"]
[White "Dishman, Stephen"]
[Black "Hanreck, Alan E"]
[Result "1-0"]
[WhiteElo "2300"]
[BlackElo "2275"]
[PlyCount "107"]
[EventDate "1996.10.??"]
[EventType "team"]
[EventRounds "12"]
[EventCountry "ENG"]
[SourceTitle "EXT 1999"]
[Source "ChessBase"]
[SourceDate "1998.11.16"]
[SourceVersion "1"]
[SourceVersionDate "1998.11.16"]
[SourceQuality "1"]
[WhiteTeam "Barbican"]
[BlackTeam "Hertford"]
[WhiteTeamCountry "ENG"]
[BlackTeamCountry "ENG"]

1. d4 Nf6 2. Bg5 Ne4 3. Bf4 d6 4. Nd2 Bf5 5. Ngf3 Nd7 6. e3 e6 7. Bd3 d5 8. Ne5 Nxe5 9. Bxe5 Nxd2 10. Qxd2 f6 11. Bxf5 exf5 12. Bg3 h5 13. h4 Bd6 14. Rh3 g6 15. 0-0-0 Qd7 16. Qd3 Rg8 17. Qb3 Bxg3 18. Qxb7 Kf7 19. Rxg3 a5 20. e4 fxe4 21. Rc3 Rac8 22. Rc5 Rgd8 23. Rxa5 c6 24. Ra7 Qxb7 25. Rxb7+ Ke6 26. b4 Rb8 27. Rxb8 Rxb8 28. c3 f5 29. f4 Kd7 30. Re1 Kc7 31. Kc2 Kb6 32. Kb3 Ra8 33. a4 Ra7 34. Ra1 Rd7 35. c4 Rd8 36. Rc1 Re8 37. Re1 Re7 38. Re3 Re6 39. Kc3 Kb7 40. Kd2 Re8 41. cxd5 cxd5 42. Rc3 Re6 43. Rc5 Rd6 44. Kc3 Kb6 45. a5+ Ka6 46. Kd2 Kb7 47. b5 Kb8 48. Kc3 Kb7 49. b6 Rd7 50. Kb4 e3 51. Kb5 e2 52. a6+ Kb8 53. a7+ Kb7 54. Rc8 1-0

[Event "BCF-chT 9697 (4NCL)"]
[Site "England"]
[Date "1997.??.??"]
[Round "11.3"]
[White "Kennaugh, Charles"]
[Black "Hanreck, Alan E"]
[Result "1-0"]
[WhiteElo "2290"]
[BlackElo "2275"]
[PlyCount "59"]
[EventDate "1996.10.??"]
[EventType "team"]
[EventRounds "12"]
[EventCountry "ENG"]
[SourceTitle "EXT 1999"]
[Source "ChessBase"]
[SourceDate "1998.11.16"]
[SourceVersion "1"]
[SourceVersionDate "1998.11.16"]
[SourceQuality "1"]
[WhiteTeam "Guildford"]
[BlackTeam "Hertford"]
[WhiteTeamCountry "ENG"]
[BlackTeamCountry "ENG"]

1. e4 c5 2. Nf3 d6 3. d4 cxd4 4. Nxd4 Nf6 5. Nc3 a6 6. Qf3 Nbd7 7. h3 e6 8. g4 h6 9. Bg2 Qb6 10. Nb3 Ne5 11. Qe2 g5 12. f4 gxf4 13. Bxf4 Bd7 14. Rf1 Be7 15. 0-0-0 Bb5 16. Nxb5 axb5 17. Bxe5 dxe5 18. Kb1 0-0 19. h4 Nh7 20. Rh1 Rfd8 21. Rdf1 Rd7 22. g5 Bf8 23. Qh5 Rc8 24. Bh3 Qc6 25. g6 fxg6 26. Qxg6+ Kh8 27. Qxe6 Qxc2+ 28. Ka1 Rcd8 29. Rxf8+ Rxf8 30. Qxd7 1-0

[Event "BCF-chT 9697 (4NCL)"]
[Site "England"]
[Date "1996.11.24"]
[Round "4.4"]
[White "Cobb, Charles"]
[Black "Hanreck, Alan E"]
[Result "1/2-1/2"]
[WhiteElo "2260"]
[BlackElo "2275"]
[PlyCount "61"]
[EventDate "1996.10.??"]
[EventType "team"]
[EventRounds "12"]
[EventCountry "ENG"]
[SourceTitle "EXT 1999"]
[Source "ChessBase"]
[SourceDate "1998.11.16"]
[SourceVersion "1"]
[SourceVersionDate "1998.11.16"]
[SourceQuality "1"]
[WhiteTeam "Witney"]
[BlackTeam "Hertford"]
[WhiteTeamCountry "ENG"]
[BlackTeamCountry "ENG"]

1. d4 Nf6 2. Nf3 e6 3. g3 c5 4. Bg2 cxd4 5. Nxd4 a6 6. 0-0 Qc7 7. e4 Nc6 8. c4 Nxd4 9. Qxd4 Bc5 10. Qc3 Qb6 11. Nd2 a5 12. Nb3 Bb4 13. Qf3 e5 14. Be3 Qc7 15. Bh6 0-0 16. Bg5 Be7 17. Rac1 d6 18. Nd2 Be6 19. Nb1 Rfc8 20. b3 a4 21. Nc3 axb3 22. axb3 Qb6 23. Na4 Qb4 24. Qc3 Qxc3 25. Nxc3 Ra3 26. Rb1 Bxc4 27. bxc4 Rxc3 28. Rxb7 h6 29. Bxf6 Bxf6 30. Rd7 R8xc4 31. Rxd6 1/2-1/2

[Event "BCF-chT 9596 (4NCL) 3rd"]
[Site "England"]
[Date "1996.04.27"]
[Round "9.26"]
[White "Bellin, Robert"]
[Black "Hanreck, Alan E"]
[Result "1/2-1/2"]
[WhiteElo "2385"]
[BlackElo "2255"]
[PlyCount "56"]
[EventDate "1995.11.25"]
[EventType "team-tourn"]
[EventRounds "13"]
[EventCountry "ENG"]
[SourceTitle "EXT 2019"]
[Source "ChessBase"]
[SourceDate "2018.10.10"]
[SourceVersion "1"]
[SourceVersionDate "2018.10.10"]
[SourceQuality "1"]
[WhiteTeam "British Chess Magazine"]
[BlackTeam "Hertford"]
[WhiteTeamCountry "ENG"]
[BlackTeamCountry "ENG"]

1. e4 c5 2. Nc3 Nc6 3. Nge2 e6 4. d4 d5 5. exd5 exd5 6. dxc5 d4 7. Ne4 Bf5 8. N2g3 Bxe4 9. Nxe4 Bxc5 10. Nxc5 Qa5+ 11. Bd2 Qxc5 12. Bd3 Nge7 13. 0-0 0-0 14. Re1 Ng6 15. a3 a5 16. f4 Rfe8 17. Qf3 a4 18. Re4 Rxe4 19. Qxe4 Qb6 20. Re1 Qxb2 21. f5 Nf8 22. Qg4 Qxa3 23. Bh6 g6 24. Qf4 Qb4 25. Rf1 Qe7 26. Bc4 gxf5 27. Qxf5 Ne5 28. Bg5 Qc7 1/2-1/2

[Event "4NCL 9495 2nd Season"]
[Site "England"]
[Date "1995.03.18"]
[Round "9.3"]
[White "Hanreck, Alan E"]
[Black "Cummings, David H"]
[Result "0-1"]
[WhiteElo "2245"]
[BlackElo "2375"]
[PlyCount "80"]
[EventDate "1994.10.01"]
[EventType "team-tourn"]
[EventRounds "11"]
[EventCountry "GBR"]
[SourceTitle "EXT 2022"]
[Source "ChessBase"]
[SourceDate "2021.10.06"]
[SourceVersion "1"]
[SourceVersionDate "2021.10.06"]
[SourceQuality "1"]
[WhiteTeam "Invicta Knights Maidstone"]
[BlackTeam "Slough"]
[WhiteTeamCountry "ENG"]
[BlackTeamCountry "ENG"]

1. c4 Nf6 2. Nc3 g6 3. g3 Bg7 4. Bg2 0-0 5. e4 d6 6. Nge2 c6 7. 0-0 a6 8. d3 b5 9. h3 Nbd7 10. Be3 Rb8 11. Qd2 bxc4 12. dxc4 Ne5 13. b3 Bxh3 14. c5 Bxg2 15. Kxg2 dxc5 16. Qxd8 Rfxd8 17. Bxc5 Rd7 18. Bd4 Ne8 19. Na4 Ng4 20. Bxg7 Kxg7 21. Rfc1 Rd2 22. Kf1 Nef6 23. Nc5 Nh2+ 24. Ke1 Nf3+ 25. Kf1 Nh2+ 26. Ke1 Nf3+ 27. Kf1 Ng4 28. Kg2 Nfe5 29. Re1 Rbd8 30. a4 Nd3 31. Nxd3 R8xd3 32. Rab1 h5 33. b4 Ra3 34. b5 cxb5 35. axb5 axb5 36. Rxb5 Raa2 37. Kf3 Kf6 38. Rb3 Rdc2 39. Rb6+ e6 40. Rb3 g5 0-1

[Event "4NCL 9495 2nd Season"]
[Site "England"]
[Date "1994.11.26"]
[Round "3.4"]
[White "Tebb, David"]
[Black "Hanreck, Alan E"]
[Result "1/2-1/2"]
[WhiteElo "2305"]
[BlackElo "2245"]
[PlyCount "71"]
[EventDate "1994.10.01"]
[EventType "team-tourn"]
[EventRounds "11"]
[EventCountry "GBR"]
[SourceTitle "EXT 2022"]
[Source "ChessBase"]
[SourceDate "2021.10.06"]
[SourceVersion "1"]
[SourceVersionDate "2021.10.06"]
[SourceQuality "1"]
[WhiteTeam "North West Eagles"]
[BlackTeam "Invicta Knights Maidstone"]
[WhiteTeamCountry "ENG"]
[BlackTeamCountry "ENG"]

1. e4 c5 2. Nc3 Nc6 3. g3 g6 4. d3 Bg7 5. Be3 d6 6. Qd2 Rb8 7. Bg2 b5 8. f4 b4 9. Nd1 e5 10. Nf3 Bg4 11. 0-0 exf4 12. gxf4 Nge7 13. c3 bxc3 14. bxc3 Qa5 15. Rc1 0-0 16. f5 gxf5 17. Bh6 f6 18. Bxg7 Kxg7 19. Ne3 Kh8 20. Nh4 Rg8 21. Kh1 Rbf8 22. exf5 Ne5 23. Rb1 Rb8 24. Rxb8 Rxb8 25. Nxg4 Nxg4 26. d4 Ng8 27. Qf4 N4h6 28. Qxd6 Rc8 29. Rg1 cxd4 30. cxd4 Rd8 31. Qc5 Qd2 32. Bd5 Qf4 33. Bxg8 Qe4+ 34. Ng2 Rxg8 35. Qd6 Rxg2 36. Rxg2 1/2-1/2

[Event "BCF-chT 9394 (4NCL) 1st"]
[Site "England"]
[Date "1994.03.19"]
[Round "7.5"]
[White "Smith, Alan A"]
[Black "Hanreck, Alan E"]
[Result "1-0"]
[WhiteElo "2265"]
[BlackElo "2255"]
[PlyCount "101"]
[EventDate "1993.10.02"]
[EventType "team-tourn"]
[EventRounds "10"]
[EventCountry "ENG"]
[SourceTitle "EXT 2019"]
[Source "ChessBase"]
[SourceDate "2018.10.10"]
[SourceVersion "1"]
[SourceVersionDate "2018.10.10"]
[SourceQuality "1"]
[WhiteTeam "North West Eagles"]
[BlackTeam "Invicta Knights Maidstone"]
[WhiteTeamCountry "ENG"]
[BlackTeamCountry "ENG"]

1. e4 c5 2. Nf3 d6 3. Bb5+ Nd7 4. c3 Ngf6 5. Qe2 Qc7 6. 0-0 a6 7. Ba4 b5 8. Bc2 e5 9. d3 g6 10. Re1 Bg7 11. Nbd2 0-0 12. Nf1 Bb7 13. Ng3 d5 14. Bd2 Rfe8 15. Rac1 Rad8 16. h4 c4 17. dxc4 dxe4 18. Ng5 bxc4 19. N5xe4 Nxe4 20. Nxe4 Bxe4 21. Bxe4 Nc5 22. Bg5 Rd3 23. Rcd1 h6 24. Bc1 Nxe4 25. Rxd3 cxd3 26. Qxe4 Rd8 27. Bd2 Qb6 28. b3 Qd6 29. h5 f5 30. Qc4+ Kh7 31. hxg6+ Kxg6 32. Re3 Kh7 33. Rh3 e4 34. Qf7 Qg6 35. Qc7 Rf8 36. Rxh6+ Qxh6 37. Bxh6 Kxh6 38. Qd6+ Rf6 39. Qd5 Bf8 40. Kf1 Kg6 41. g4 Bh6 42. Qg8+ Bg7 43. gxf5+ Kh6 44. Qd5 Bf8 45. Qxe4 Rd6 46. Ke1 d2+ 47. Kd1 Kg7 48. b4 Kf7 49. a4 Bg7 50. b5 axb5 51. axb5 1-0

[Event "BCF-chT 9394 (4NCL) 1st"]
[Site "England"]
[Date "1993.10.03"]
[Round "2.5"]
[White "Hanreck, Alan E"]
[Black "Littlewood, John Eric"]
[Result "1/2-1/2"]
[WhiteElo "2255"]
[BlackElo "2320"]
[PlyCount "47"]
[EventDate "1993.10.02"]
[EventType "team-tourn"]
[EventRounds "10"]
[EventCountry "ENG"]
[SourceTitle "EXT 2019"]
[Source "ChessBase"]
[SourceDate "2018.10.10"]
[SourceVersion "1"]
[SourceVersionDate "2018.10.10"]
[SourceQuality "1"]
[WhiteTeam "Invicta Knights Maidstone"]
[BlackTeam "North West Eagles"]
[WhiteTeamCountry "ENG"]
[BlackTeamCountry "ENG"]

1. d4 Nf6 2. Nc3 g6 3. e4 d6 4. Bg5 Bg7 5. Qd2 h6 6. Bf4 c6 7. f3 Qa5 8. Bc4 Nbd7 9. Bb3 e5 10. dxe5 dxe5 11. Be3 Nc5 12. Na4 Qxd2+ 13. Kxd2 Nxa4 14. Bxa4 Nd7 15. c3 Bf8 16. Bc2 Bc5 17. Ne2 Ke7 18. Nc1 Bxe3+ 19. Kxe3 Nb6 20. Bb3 a5 21. a4 Be6 22. Bxe6 Kxe6 23. b3 c5 24. c4 1/2-1/2

[Event "Lloyds Bank op 13th"]
[Site "London"]
[Date "1989.??.??"]
[Round "?"]
[White "Hanreck, Alan E"]
[Black "Murugan, Krishnamoorthy"]
[Result "0-1"]
[WhiteElo "2280"]
[BlackElo "2450"]
[PlyCount "80"]
[EventDate "1989.08.??"]
[EventType "swiss"]
[EventRounds "10"]
[EventCountry "ENG"]
[SourceTitle "TD"]
[Source "ChessBase"]
[SourceDate "1994.03.01"]
[SourceVersion "1"]
[SourceVersionDate "1994.03.01"]
[SourceQuality "1"]

1. c4 Nf6 2. Nc3 c5 3. g3 g6 4. Bg2 Bg7 5. e4 Nc6 6. Nge2 0-0 7. 0-0 d6 8. d3 Bd7 9. h3 Ne8 10. f4 Nd4 11. Nxd4 cxd4 12. Ne2 b5 13. cxb5 Bxb5 14. a4 Bc6 15. b4 a6 16. Qb3 Qd7 17. Kh2 Nc7 18. Bb2 e5 19. Rfc1 Rac8 20. fxe5 dxe5 21. Rc5 Ne6 22. Ra5 Bb7 23. Ba3 Qd8 24. Rf1 Qb6 25. Qa2 Rc7 26. Qd2 Rfc8 27. Rc1 Rxc1 28. Bxc1 Qc7 29. Bf3 Qc2 30. b5 axb5 31. Rxb5 Qxd2 32. Bxd2 Ba6 33. Rb2 Bxd3 34. Nc1 Ba6 35. Bg4 h5 36. Bd1 Nc5 37. Rb6 Bc4 38. a5 Nxe4 39. Bb4 Bh6 40. Bc2 Bd5 0-1

[Event "Lloyds Bank op 12th"]
[Site "London"]
[Date "1988.??.??"]
[Round "?"]
[White "Hanreck, Alan E"]
[Black "Lautier, Joel"]
[Result "1/2-1/2"]
[WhiteElo "2265"]
[BlackElo "2365"]
[PlyCount "45"]
[EventDate "1988.08.??"]
[EventType "swiss"]
[EventRounds "10"]
[EventCountry "ENG"]
[SourceTitle "TD"]
[Source "ChessBase"]
[SourceDate "1994.03.01"]
[SourceVersion "1"]
[SourceVersionDate "1994.03.01"]
[SourceQuality "1"]

1. Nf3 Nf6 2. d4 e6 3. Bf4 c5 4. e3 b6 5. Nbd2 Bb7 6. Bd3 Be7 7. h3 0-0 8. 0-0 d5 9. c3 Ne4 10. Qc2 f5 11. Ne5 Nd7 12. Nxd7 Qxd7 13. Nf3 Qe8 14. Ne5 Rc8 15. Qe2 Nd6 16. f3 Bf6 17. Rf2 Qe7 18. g4 Bg5 19. Bxg5 Qxg5 20. f4 Qe7 21. Raf1 Rc7 22. Rg2 Bc6 23. Kh2 1/2-1/2

[Event "Commonwealth-ch03"]
[Site "London"]
[Date "1985.02.23"]
[Round "8"]
[White "Hanreck, Alan E"]
[Black "Jones, Iolo Cerredig"]
[Result "1/2-1/2"]
[WhiteElo "2275"]
[BlackElo "2250"]
[PlyCount "37"]
[EventDate "1985.02.16"]
[EventType "swiss"]
[EventRounds "11"]
[EventCountry "ENG"]
[SourceTitle "EXT 2007"]
[Source "ChessBase"]
[SourceDate "2006.11.23"]
[SourceVersion "1"]
[SourceVersionDate "2006.11.23"]
[SourceQuality "1"]

1. c4 d6 2. Nc3 Nf6 3. g3 e5 4. Bg2 Be7 5. d3 0-0 6. Nh3 c6 7. f4 Qb6 8. Na4 Qc7 9. 0-0 d5 10. fxe5 Qxe5 11. d4 Qc7 12. Bf4 Qd8 13. c5 Ne4 14. Nc3 f5 15. Qb3 Kh8 16. Be3 Nd7 17. Nf4 Ndf6 18. Bf3 Qe8 19. Nd1 1/2-1/2

[Event "Ramsgate Regency Masters 6th"]
[Site "Ramsgate"]
[Date "1984.??.??"]
[Round "4"]
[White "Hanreck, Alan E"]
[Black "Hartoch, Robert G"]
[Result "1/2-1/2"]
[WhiteElo "2290"]
[BlackElo "2355"]
[PlyCount "31"]
[EventDate "1984.12.??"]
[EventType "swiss"]
[EventRounds "9"]
[EventCountry "ENG"]
[SourceTitle "EXT 1999"]
[Source "ChessBase"]
[SourceDate "1998.11.16"]
[SourceVersion "1"]
[SourceVersionDate "1998.11.16"]
[SourceQuality "1"]

1. e4 g6 2. d4 Bg7 3. Nc3 c5 4. d5 d6 5. Nf3 Nf6 6. Be2 0-0 7. 0-0 Na6 8. Re1 Nc7 9. a4 b6 10. h3 Bb7 11. Bf4 a6 12. Bc4 Nd7 13. Qd3 Ne5 14. Nxe5 dxe5 15. Bh2 Ne8 16. f4 1/2-1/2

[Event "Ramsgate Regency Masters 6th"]
[Site "Ramsgate"]
[Date "1984.??.??"]
[Round "6"]
[White "Hanreck, Alan E"]
[Black "Hebert, Jean"]
[Result "1/2-1/2"]
[WhiteElo "2290"]
[BlackElo "2395"]
[PlyCount "56"]
[EventDate "1984.12.??"]
[EventType "swiss"]
[EventRounds "9"]
[EventCountry "ENG"]
[SourceTitle "EXT 1999"]
[Source "ChessBase"]
[SourceDate "1998.11.16"]
[SourceVersion "1"]
[SourceVersionDate "1998.11.16"]
[SourceQuality "1"]

1. e4 c5 2. Nf3 e6 3. Nc3 d6 4. d4 cxd4 5. Qxd4 Nc6 6. Qe3 Nf6 7. b3 Be7 8. Bb2 0-0 9. 0-0-0 a6 10. h3 Qc7 11. g4 Re8 12. g5 Nd7 13. h4 b5 14. h5 Nde5 15. Nh2 Bb7 16. f4 Nd7 17. Ng4 Bf8 18. Rg1 g6 19. hxg6 fxg6 20. Qh3 Bg7 21. Rh1 Nf8 22. Nh6+ Bxh6 23. Qxh6 Rac8 24. Kb1 b4 25. Na4 Ne5 26. Bd3 Nxd3 27. cxd3 e5 28. Rc1 Qa5 1/2-1/2

[Event "Ramsgate Regency Masters 6th"]
[Site "Ramsgate"]
[Date "1984.??.??"]
[Round "5"]
[White "Teichmann, Erik Oskar Michael"]
[Black "Hanreck, Alan E"]
[Result "1/2-1/2"]
[WhiteElo "2285"]
[BlackElo "2290"]
[PlyCount "23"]
[EventDate "1984.12.??"]
[EventType "swiss"]
[EventRounds "9"]
[EventCountry "ENG"]
[SourceTitle "EXT 1999"]
[Source "ChessBase"]
[SourceDate "1998.11.16"]
[SourceVersion "1"]
[SourceVersionDate "1998.11.16"]
[SourceQuality "1"]

1. Nf3 c5 2. c3 d5 3. d4 cxd4 4. cxd4 Nc6 5. Nc3 Nf6 6. Bf4 Bf5 7. e3 e6 8. Bb5 Bb4 9. Qa4 0-0 10. 0-0 Bxc3 11. bxc3 Ne4 12. Rfc1 1/2-1/2

[Event "Manchester Benedictine op-04"]
[Site "Manchester"]
[Date "1981.09.05"]
[Round "2"]
[White "Sydor, Andrzej"]
[Black "Hanreck, Alan E"]
[Result "1/2-1/2"]
[WhiteElo "2420"]
[BlackElo "2270"]
[PlyCount "58"]
[EventDate "1981.09.04"]
[EventType "swiss"]
[EventRounds "9"]
[EventCountry "ENG"]
[SourceTitle "EXT 2000"]
[Source "ChessBase"]
[SourceDate "1999.11.16"]
[SourceVersion "1"]
[SourceVersionDate "1999.11.16"]
[SourceQuality "1"]

1. d4 Nf6 2. Nf3 e6 3. c4 Bb4+ 4. Nbd2 Nc6 5. e3 Qe7 6. Be2 0-0 7. 0-0 Bxd2 8. Qxd2 a5 9. Qc2 d6 10. Bd2 e5 11. dxe5 dxe5 12. h3 Nd7 13. Rac1 Nc5 14. Rfd1 Qf6 15. b3 e4 16. Ne1 Qg6 17. Kf1 f5 18. Qb2 Be6 19. Nc2 Rad8 20. Bc3 Nd3 21. Bxd3 exd3 22. Nd4 Nxd4 23. exd4 f4 24. f3 Rde8 25. Re1 Bf5 26. Re5 Rxe5 27. dxe5 b6 28. Qf2 Rd8 29. Qh4 Rf8 1/2-1/2